<?xml version="1.0" encoding="UTF-8"?>
<record
    xmlns:xsi="http://www.w3.org/2001/XMLSchema-instance"
    xsi:schemaLocation="http://www.loc.gov/MARC21/slim http://www.loc.gov/standards/marcxml/schema/MARC21slim.xsd"
    xmlns="http://www.loc.gov/MARC21/slim">

  <leader>02720nam a22002057a 4500</leader>
  <controlfield tag="003">IT-MiCISF</controlfield>
  <controlfield tag="005">20250917122619.0</controlfield>
  <controlfield tag="008">250917b        |||||||| |||| 00| 0 eng d</controlfield>
  <datafield tag="020" ind1=" " ind2=" ">
    <subfield code="a">9788804791058</subfield>
  </datafield>
  <datafield tag="040" ind1=" " ind2=" ">
    <subfield code="c">IT-MiCISF</subfield>
  </datafield>
  <datafield tag="100" ind1=" " ind2=" ">
    <subfield code="a">Faggin Federico</subfield>
    <subfield code="9">62613</subfield>
  </datafield>
  <datafield tag="245" ind1=" " ind2=" ">
    <subfield code="a">Oltre l'invisibile.</subfield>
    <subfield code="b">Dove scienza e spiritualit&#xE0; si uniscono</subfield>
  </datafield>
  <datafield tag="260" ind1=" " ind2=" ">
    <subfield code="a">Milano, </subfield>
    <subfield code="b">Mondadori, </subfield>
    <subfield code="c">2024</subfield>
  </datafield>
  <datafield tag="300" ind1=" " ind2=" ">
    <subfield code="a">pp. 305</subfield>
  </datafield>
  <datafield tag="500" ind1=" " ind2=" ">
    <subfield code="a">persona, teoria, spiritualit&#xE0;, nuovi-media, morte, educazione</subfield>
  </datafield>
  <datafield tag="520" ind1=" " ind2=" ">
    <subfield code="a">"Dopo trentacinque anni di studio sulla coscienza, sono sicuro che esista un'unione profonda tra il mondo della scienza e quello della spiritualit&#xE0;, due mondi che spesso sono considerati incompatibili tra di loro. Mi auguro che questo libro possa rendere le mie idee pi&#xF9; chiare e fruibili e che aiuti i lettori a orientarsi meglio nella realt&#xE0; pi&#xF9; vasta in cui scienza e spiritualit&#xE0; sono una sola disciplina che mostra la ricchezza, la bellezza e il significato dell'universo che possiamo creare insieme. Noi siamo luce, dobbiamo solo aprire gli occhi." Dopo aver contribuito notevolmente a rivoluzionare il mondo fisico che ci circonda, Federico Faggin ha deciso di andare oltre la materia, oltre il visibile e l'invisibile, e di indagare la fisica dell'ineffabile: "L'avvento dell'intelligenza artificiale, combinato con i principi materialisti e riduzionisti che considerano l'uomo una macchina classica, favorisce una forma di scientismo che sta portando la societ&#xE0; umana su una china pericolosa. Se ci consideriamo macchine, saremo prima o poi superati dalle macchine costruite da chi potrebbe controllarci ... Per questo &#xE8; necessaria una nuova scienza che includa la spiritualit&#xE0; e una nuova spiritualit&#xE0; che includa la scienza. Ho chiamato Nousym la loro unione". Oltre l'invisibile &#xE8; un libro dirompente, coraggioso, profondissimo eppure straordinariamente chiaro, che propone un nuovo sguardo sulle cose, una nuova affascinante teoria della realt&#xE0;: "Pensiamo che la realt&#xE0; sia assurda, invece siamo noi che siamo assurdi quando vogliamo forzarla dentro le nostre idee preconcette. Bisogna liberarci dai presupposti errati del pensiero materialista e partire da altre ipotesi, che si concilino con le propriet&#xE0; strabilianti della fisica quantistica. Occorre dunque una nuova scienza, che, anzich&#xE9; ignorare ci&#xF2; che contraddice il materialismo e le domande a cui finora non siamo stati in grado di rispondere, parta invece da quelle. Perch&#xE9; &#xE8; proprio indagando 'l'assurdit&#xE0;' dell'entanglement quantistico, del libero arbitrio e della coscienza, fenomeni che la fisica non riesce a spiegare, che si potr&#xE0; trovare la risposta."</subfield>
  </datafield>
  <datafield tag="650" ind1=" " ind2=" ">
    <subfield code="a">Persona</subfield>
  </datafield>
  <datafield tag="654" ind1=" " ind2=" ">
    <subfield code="a">saggio</subfield>
  </datafield>
  <datafield tag="942" ind1=" " ind2=" ">
    <subfield code="2">ddc</subfield>
    <subfield code="c">BK</subfield>
  </datafield>
  <datafield tag="999" ind1=" " ind2=" ">
    <subfield code="c">360626</subfield>
    <subfield code="d">360626</subfield>
  </datafield>
  <datafield tag="952" ind1=" " ind2=" ">
    <subfield code="0">0</subfield>
    <subfield code="1">0</subfield>
    <subfield code="2">ddc</subfield>
    <subfield code="4">0</subfield>
    <subfield code="6">B_7890_000000000000000</subfield>
    <subfield code="7">1</subfield>
    <subfield code="a">CISF</subfield>
    <subfield code="b">CISF</subfield>
    <subfield code="d">2025-09-17</subfield>
    <subfield code="l">0</subfield>
    <subfield code="o">B7890</subfield>
    <subfield code="p">9788804791058</subfield>
    <subfield code="r">2025-09-17 12:26:41</subfield>
    <subfield code="w">2025-09-17</subfield>
    <subfield code="y">BK</subfield>
  </datafield>
</record>
